00887nam a22002177a 4500999001700000003000900017008004100026040007100067082002400138100002100162245003700183260004000220300002800260440004000288505015500328650003300483650001900516942001600535945002000551952009800571 c16143d16143AR-CdUCM190502b ||||| |||| 00| 0 spa d aMUNICIPALIDAD PROVINCIAL DEL CUSCOcBIBLIOTECA MUNICIPAL DEL CUSCO 22ed.a343.02 /bO82 aOssorio, Ángel aNociones de derecho político / aBuenos Aires :bAtlántida,c1951. a127 páginas ;c17 cm. aOro de cultura general ;n47935432 aContenido: Organizaciones de las personas -- Limitaciones de la libertad -- El territorio gobernado: nación y estado -- Unitarismo y federalismo ... aDerecho constitucional94734 aManuales95970 2ddccLIBROS aacvd2019-05-02 002ddc4070aSHbSHcCARTd2019-05-02g20.00o343.02 / O82pSH0000011222r2019-05-02yLIBROS